000 002870000a22001330004500
003 MACL
040 _aMACL
090 _c37033
_d37031
100 _aMoore, Thomas
245 _aThe Poetical Works
260 _bLongaman Green Longman
_c1860
650 _aPoetries
942 _cBOOK
_k821/Moo
999 _c36634
_d36634